000 00462cam a2200193ua 4500
001 9734
005 20260515114521.0
008 160812n ii |||gr||||Z||||||asm
040 _cMAIN
041 _aasm
082 _a891.4514
100 _aThakuria, Rammal,
_eAuthor.
245 _aSahitya bichar
_cby Rammal Thakuria
250 _a2nd ed.
260 _aGuwahati:
_bLakshmi prakash,
_c1971.
300 _a194p.
653 _aAssamese literature
942 _cBK
999 _c8739
_d8739